| 000 | 00741cam a22002531 4500 | ||
|---|---|---|---|
| 001 | sa 68002948 | ||
| 003 | DLC | ||
| 005 | 20260227112448.0 | ||
| 008 | 800226s1967 ii b 000 0 eng | ||
| 010 | _asa 68002948 | ||
| 025 | _aPL480:I-E-9419 | ||
| 035 | _a(OCoLC)6022394 | ||
| 040 |
_aDLC _cOYU _dOCoLC _dDLC |
||
| 042 | _apremarc | ||
| 050 | 0 | 0 |
_aDS383.5.I5 _bS48 |
| 082 | _a327.549 | ||
| 100 | 1 |
_aSharma, Brij Lal, _d1906- |
|
| 245 | 1 | 4 |
_aThe Pakistan-China axis _c[by] B.L. Sharma. |
| 260 |
_aBombay, _aNew York, _bAsia Pub. House _c[1968, i.e. 1967] |
||
| 300 |
_aviii, 226 p. _c23 cm. |
||
| 504 | _aBibliographical footnotes. | ||
| 651 | 0 |
_aPakistan _xForeign relations _zIndia. |
|
| 651 | 0 |
_aIndia _xForeign relations _zPakistan. |
|
| 999 |
_c79107 _d79107 |
||